000 00742cam a22002054a 4500
005 20250605164105.0
008 250528s ||||||||||||||||||||||||d
035 _a17724
020 _a9781118071793
040 _aGR-AtMCL
_bgre
_dGR-AtMCL
_eAACR2
245 1 _aHousekeeping Management
250 _a2nd
260 _bWiley,
_c2012
300 _a274
520 _aThis book uniquely applies its theoretical content through presentation of practical case studies. Introduction to housekeeping Management, The Housekeeping Department in Lodging Operations, The Executive Housekeeper as Department Manager, Design of the housekeeping Department.
700 1 _aCasado Matt A
_93914
942 _cBK
999 _c3125
_d3125